logo

Bir Sreshtho Munshi Abdur Rouf Library
Jhenaidah Cadet College

What got you here won't get you there : (Record no. 14072)

MARC details
000 -LEADER
fixed length control field 00908nam a2200241 a 4500
001 - CONTROL NUMBER
JCCL Control Number 14072
003 - CONTROL NUMBER IDENTIFIER
JCCL marc code BD-JhCC
005 - DATE AND TIME OF LATEST TRANSACTION
control field 20240914101854.0
008 - FIXED-LENGTH DATA ELEMENTS--GENERAL INFORMATION
fixed length control field 240914b2020 nyu |||| ||a| 001 0 eng d
020 ## - INTERNATIONAL STANDARD BOOK NUMBER
International Standard Book Number 9781401301309
035 ## - SYSTEM CONTROL NUMBER
system control number (BD-JhCC)14072
040 ## - CATALOGING SOURCE
Original cataloging agency BD-JhCC
Modifying agency BD-JhCC
041 ## - LANGUAGE CODE
Language code of Book english
082 ## - DEWEY DECIMAL CLASSIFICATION NUMBER
Classification number 650.1
Author mark and Year GOL 2020
100 ## - MAIN ENTRY--PERSONAL NAME
Personal name Goldsmith,Marshall
245 ## - TITLE STATEMENT
Title What got you here won't get you there :
Remainder of title how successful people become even more successful! /
Statement of responsibility, etc Marshall Goldsmith,
260 ## - PUBLICATION, DISTRIBUTION, ETC. (IMPRINT)
Place of publication, distribution, etc New York:
Name of publisher, distributor, etc Hachette Go, an imprint of Hachette Books;
Date of publication, distribution, etc 2020.
300 ## - PHYSICAL DESCRIPTION
Pagination xii, 236 pages. :
Other physical details illustrations ;
Dimensions 25 cm.
650 ## - SUBJECT ADDED ENTRY--TOPICAL TERM
Topical term or geographic name as entry element Creative ability in business
Form subdivision Creative ability in business Handbooks, manuals, etc
General subdivision Créativité dans les affaires Guides, manuels, etc
Chronological subdivision Handbooks and manuals
Geographic subdivision Interpersonal relations
700 ## - ADDED ENTRY--PERSONAL NAME
Personal name Reiter ,Mark
942 ## - ADDED ENTRY ELEMENTS (KOHA)
Source of classification or shelving scheme Dewey Decimal Classification
Koha item type Books
Holdings
Source of classification or shelving scheme Damaged status Not for loan Home library Current library Shelving location Date of accession Source of acquisition Cost, normal purchase price Total Checkouts Full call number Barcode Date last seen Date checked out Copy number Method of acquisition Koha item type Currency
Dewey Decimal Classification     JCC Rouf Library JCC Rouf Library General Stacks 09/14/2024 With the Compliments Of Shahriar Imtiaz Rahman 27/1483/K 2206.00 2 650.1 GOL 2020 19682 07/20/2025 07/14/2025 C-1 Gift/Donation Books BDT

JCC Library | Contacts | JCC Home

Last Update on 23 September 2017
Copyright @ 2017-2020 JCC Rouf Library
Rouf Library, Jhenidah Cadet College (JCC), Bangladesh